Насекомые - вредители овощных культур Прибайкалья / (Record no. 465548)
[ view plain ]
| 000 -LEADER | |
|---|---|
| fixed length control field | 00932nam a2200205 a 4500 |
| 001 - CONTROL NUMBER | |
| control field | 000901515 |
| 003 - CONTROL NUMBER IDENTIFIER | |
| control field | AM-YeHGA |
| 005 - DATE AND TIME OF LATEST TRANSACTION | |
| control field | 20250617161112.0 |
| 008 - FIXED-LENGTH DATA ELEMENTS--GENERAL INFORMATION | |
| fixed length control field | 120621s1965 ru r 000 0 rus d |
| 040 ## - CATALOGING SOURCE | |
| Original cataloging agency | AM-YeHGA |
| 041 0# - LANGUAGE CODE | |
| Language code of text/sound track or separate title | rus |
| 090 ## - LOCALLY ASSIGNED LC-TYPE CALL NUMBER (OCLC); LOCAL CALL NUMBER (RLIN) | |
| -- | 468747 |
| 100 1# - MAIN ENTRY--PERSONAL NAME | |
| Personal name | Джолова, Нина Григорьевна |
| 245 10 - TITLE STATEMENT | |
| Title | Насекомые - вредители овощных культур Прибайкалья / |
| Statement of responsibility, etc. | Н.Г. Джолова; Отв. ред. А.С. Рожков; АН СССР, СО, Вост.-Сиб. биолог. ин-т. |
| 260 ## - PUBLICATION, DISTRIBUTION, ETC. | |
| Place of publication, distribution, etc. | М. : |
| Name of publisher, distributor, etc. | Наука, |
| Date of publication, distribution, etc. | 1965. |
| 300 ## - PHYSICAL DESCRIPTION | |
| Extent | 110 с. : |
| Other physical details | рис., табл. ; |
| Dimensions | 26 см. |
| 650 14 - SUBJECT ADDED ENTRY--TOPICAL TERM | |
| Topical term or geographic name entry element | Овощеводство, декоративное садоводство и цветоводство |
| 700 1# - ADDED ENTRY--PERSONAL NAME | |
| Personal name | Рожков, А.С. |
| Relator term | ред. |
| Relationship | edt |
| 710 2# - ADDED ENTRY--CORPORATE NAME | |
| Corporate name or jurisdiction name as entry element | Восточно-Сибирский биологический институт СО АН СССР |
| Withdrawn status | Lost status | Source of classification or shelving scheme | Damaged status | Not for loan | Collection | Home library | Current library | Date acquired | Total checkouts | Full call number | Barcode | Date last seen | Price effective from | Koha item type | Public note |
|---|---|---|---|---|---|---|---|---|---|---|---|---|---|---|---|
| Universal Decimal Classification | General | Fundamental Scientific Library | Fundamental Scientific Library | 19/02/2018 | PIII/17875 | FL0481057 | 19/02/2018 | 19/02/2018 | Գրքեր / Books | 30 Days Loan | |||||
| Universal Decimal Classification | General | Fundamental Scientific Library | Fundamental Scientific Library | 20/02/2018 | PIII/19133 | FL0481905 | 20/02/2018 | 20/02/2018 | Գրքեր / Books | 30 Days Loan |
ՀՀ Գիտությունների ազգային ակադեմիայի հիմնարար գիտական գրադարան = Fundamental Scientific Library of NAS RA
All site content, except where otherwise noted, is licensed under a